000
00248nam a22001097a 4500
082
_a
650 DIM'B
100
_a
DIMOCK, MARSHALL EDWARD
_9
58619
245
_a
BUSINESS AND GOVERNMENT
260
_a
USA
_b
HENRY HOLT
_c
1953
300
_a
799P
942
_c
BK
999
_c
568778
_d
568778